Syllabostics 2 - Capitals - Statistics

General Stats
  • This quiz has been taken 35 times
  • The average score is 17 of 20
Answer Stats
Syllables Capital % Correct
Hell + Seen + Key Helsinki
100%
Awe + Boo + Dab + He Abu Dhabi
90%
Bruh + Sills Brussels
90%
Boo + Carr + Rest Bucharest
90%
Jack + Cart + Uh Jakarta
90%
Ree + Odd Riyadh
90%
Scope + Jay Skopje
90%
Tie + Pay Taipei
90%
Wah + Shing + Tonne + Dee + See Washington D.C.
90%
Bell + Moe + Pawn Belmopan
87%
Koh + Wall + Uh + Lump + Pure Kuala Lumpur
83%
Pair + Raw + Myrrh + Ree + Bow Paramaribo
83%
Doo + Shun + Bay Dushanbe
80%
Key + Gall + Lee Kigali
80%
Awes + Low Oslo
80%
Oh + Ah + Gah + Do + Goo Ouagadougou
77%
Ant + Ana + Nah + Ree + Voe Antananarivo
73%
Lee + Long + Weigh Lilongwe
73%
Sir + Ree + Jay + Ah + Ward + In + Eh + Pure + Uh + Coat + Hey Sri Jayawardenepura Kotte
63%
Nigh + Cher + Roll + Mud Ngerulmud
57%
No matching quizzes found
Score Distribution
Percent of People with Each Score
Percentile by Number Answered
Your Score History
You have not taken this quiz